00361nam a2200133 a 450008200150000010000230001524500530003826000470009130000090013850000350014750500100018265000120019270000230020400a335.4bWIE aWielenga, Bastoaam aMarxist Views on India in Historical Perspective aMadrasbChristian Literature Societyc1976 a155p aincludes index and biblioraphy2 aindex aMarxism1 aWielenga, Bastoaam